00845nas a2200229 4500001001000000003000900010005001700019007000300036008003400039040005400073041000900127072000800136100001900144100001700163245013700180246013600317650002100453650001100474650002000485650001400505773009600519BR8100184BR-BrBNA20231205084448.0ta230509b bl.|||p| |||| 00| 00por d aBR-BrBNAbporcBiblioteca Nacional de Agricultura a(Pt) aH201 aMenten, J.O.M.1 aRoston, A.J.1 aMosaico dourado e a necessidade da regionalizacao da cultura do feijoeiro no estado de Sao Paulo [Phaseolus vulgaris; Virus; Brasil]1 a[Golden mosaic and the necessity of regionalization of the bean crop in the state of Sao Paulo [Phaseolus vulgaris; Virus; Brazil]] aDoenca de planta aFeijao aMosaico dourado aSao Paulo0 tRevista de Agricultura (Brazil)xISSN 0034-7655g(Dec 1980), v. 55(4) p. 287-300wBR8100184